Immigration Litauen - Statistiken

Allgemein
  • Dieses Quiz wurde 49 mal gespielt
  • Das Durchschnittsergebnis liegt bei 15 aus 20
Antwortstatistiken
Platz Land Anzahl % Korrekt
7. Polen 736
100%
2. Russland 12.529
100%
6. Deutschland 768
98%
4. Lettland 1.100
95%
3. Weißrussland 12.204
93%
1. Ukraine 16.927
88%
8. Vereinigte Staaten 507
85%
11. China 470
75%
13. Türkei 416
75%
15. Kasachstan 399
70%
20. Rumänien 305
68%
10. Syrien 472
68%
17. Vereinigtes Königreich 369
65%
9. Moldawien 490
63%
19. Armenien 346
60%
17. Georgien 369
60%
16. Aserbaidschan 382
58%
13. Italien 445
55%
5. Indien 826
50%
12. Israel 445
33%
Keine übereinstimmenden Quizze gefunden
Verteilung der Resultate
Anzahl Personen mit jedem Resultat
Perzentil nach korrekt beantworteten Fragen
Ihre Resultats-Entwicklung
Sie haben dieses Quiz noch nicht gespielt